<?xml version="1.0" encoding="UTF-8"?><?xml-stylesheet type="text/xsl" href="static/style.xsl"?><OAI-PMH xmlns="http://www.openarchives.org/OAI/2.0/" xmlns:xsi="http://www.w3.org/2001/XMLSchema-instance" xsi:schemaLocation="http://www.openarchives.org/OAI/2.0/ http://www.openarchives.org/OAI/2.0/OAI-PMH.xsd"><responseDate>2026-04-13T18:29:55Z</responseDate><request verb="GetRecord" identifier="oai:www.recercat.cat:10459.1/65658" metadataPrefix="marc">https://recercat.cat/oai/request</request><GetRecord><record><header><identifier>oai:recercat.cat:10459.1/65658</identifier><datestamp>2024-12-05T22:43:45Z</datestamp><setSpec>com_2072_3622</setSpec><setSpec>col_2072_479130</setSpec></header><metadata><record xmlns="http://www.loc.gov/MARC21/slim" xmlns:dcterms="http://purl.org/dc/terms/" xmlns:xsi="http://www.w3.org/2001/XMLSchema-instance" xmlns:doc="http://www.lyncode.com/xoai" xsi:schemaLocation="http://www.loc.gov/MARC21/slim http://www.loc.gov/standards/marcxml/schema/MARC21slim.xsd">
   <leader>00925njm 22002777a 4500</leader>
   <datafield ind2=" " ind1=" " tag="042">
      <subfield code="a">dc</subfield>
   </datafield>
   <datafield ind2=" " ind1=" " tag="720">
      <subfield code="a">Montoy Santacreu, Carlos</subfield>
      <subfield code="e">author</subfield>
   </datafield>
   <datafield ind2=" " ind1=" " tag="720">
      <subfield code="a">Rodríguez Pozo, Ángel</subfield>
      <subfield code="e">author</subfield>
   </datafield>
   <datafield ind2=" " ind1=" " tag="260">
      <subfield code="c">2019-01-29T08:42:10Z</subfield>
   </datafield>
   <datafield ind2=" " ind1=" " tag="260">
      <subfield code="c">2019-01-29T08:42:10Z</subfield>
   </datafield>
   <datafield ind2=" " ind1=" " tag="260">
      <subfield code="c">1992</subfield>
   </datafield>
   <datafield ind2=" " ind1=" " tag="520">
      <subfield code="a">El midazolam es una benzodiacepina de reciente introducción en nuestro país. Tiene una vida media más corta que las benzodiacepinas de uso habitual. Esta característica la hace especialmente útil en pacientes que precisan sedación por corto espacio de tiempo, evitando efectos de acumulación, tal como sucede con benzodiacepinas de vida media más larga. Además, es hidrosoluble y puede administrarse en bolo en perfusión continua, vehiculizado en soluciones salinas o glucosadas. Ha sido utilizado ampliamente en anestesiología para inducción anestésica y premedicación. Nosotros creemos que es un fármaco que debería utilizarse en el campo de la medicina crítica, tanto en el área de urgencias, en las unidades de medicina intensiva y durante traslados medicalizados, en especial en aquellos pacientes que precisan sedación, y en los cuales interesa retirar precozmente la ventilación mecánica o sea deseable un control neurológico continuado. Por ello, hemos creído conveniente presentar una revisión actualizada y esquematizada con los posibles campos de utilización y un esquema de dosificación en pacientes críticos.</subfield>
   </datafield>
   <datafield ind1="8" ind2=" " tag="024">
      <subfield code="a">http://hdl.handle.net/10459.1/65658</subfield>
   </datafield>
   <datafield ind2="0" ind1="0" tag="245">
      <subfield code="a">Midazolam en el paciente crítico</subfield>
   </datafield>
</record></metadata></record></GetRecord></OAI-PMH>